| 000 | 00370nam a2200133Ia 4500 | ||
|---|---|---|---|
| 008 | 231017s9999 xx 000 0 und d | ||
| 082 | _a388.4097322 | ||
| 082 | _bSTA | ||
| 245 | 0 | _aTCRP Report 97: Emerging New Paradigms: A Guide to Fundamental Change in Local Public Transportation Organizations | |
| 245 | 0 | _cTRB | |
| 260 | _bTRB | ||
| 300 | _c30cm | ||
| 942 | _cREP | ||
| 999 |
_c604192 _d604192 |
||